<?xml version="1.0" encoding="UTF-8"?>
<record
    xmlns:xsi="http://www.w3.org/2001/XMLSchema-instance"
    xsi:schemaLocation="http://www.loc.gov/MARC21/slim http://www.loc.gov/standards/marcxml/schema/MARC21slim.xsd"
    xmlns="http://www.loc.gov/MARC21/slim">

  <leader>01437cam a2200313 i 4500</leader>
  <controlfield tag="003">SA-RiAUC</controlfield>
  <controlfield tag="005">20241124142505.0</controlfield>
  <controlfield tag="008">241123s1995    ti     f     i000 0 ara c</controlfield>
  <datafield tag="040" ind1=" " ind2=" ">
    <subfield code="a">OM-MuSQU</subfield>
    <subfield code="b">ara</subfield>
    <subfield code="c">SA-RiAUC.</subfield>
    <subfield code="e">rda</subfield>
  </datafield>
  <datafield tag="041" ind1="1" ind2=" ">
    <subfield code="a">ara</subfield>
    <subfield code="h">eng</subfield>
  </datafield>
  <datafield tag="050" ind1="1" ind2="4">
    <subfield code="b">. C6312 1995</subfield>
  </datafield>
  <datafield tag="050" ind1="0" ind2="0">
    <subfield code="b">C64. 1995</subfield>
  </datafield>
  <datafield tag="082" ind1="0" ind2="4">
    <subfield code="a">341.7582</subfield>
    <subfield code="q">SA-RiAUC</subfield>
  </datafield>
  <datafield tag="090" ind1=" " ind2=" ">
    <subfield code="a">341.7582  </subfield>
    <subfield code="b">  &#x643; &#x648; &#x644;</subfield>
  </datafield>
  <datafield tag="100" ind1="1" ind2=" ">
    <subfield code="a">&#x643;&#x648;&#x644;&#x648;&#x645;&#x628;&#x64A;&#x647;&#x60C; &#x643;&#x644;&#x648;&#x62F;</subfield>
    <subfield code="e">&#x645;&#x624;&#x644;&#x641;.</subfield>
  </datafield>
  <datafield tag="240" ind1="1" ind2="0">
    <subfield code="a">Grands principes du droit d'auteur et des droits voisins dans le monde.</subfield>
    <subfield code="l">Arabic.</subfield>
  </datafield>
  <datafield tag="245" ind1="1" ind2="2">
    <subfield code="a">&#x627;&#x644;&#x645;&#x628;&#x627;&#x62F;&#x626; &#x627;&#x644;&#x623;&#x633;&#x627;&#x633;&#x64A;&#x629; &#x644;&#x62D;&#x642; &#x627;&#x644;&#x645;&#x624;&#x644;&#x641; &#x648;&#x627;&#x644;&#x62D;&#x642;&#x648;&#x642; &#x627;&#x644;&#x645;&#x62C;&#x627;&#x648;&#x631;&#x629; &#x641;&#x64A; &#x627;&#x644;&#x639;&#x627;&#x644;&#x645; :</subfield>
    <subfield code="b">&#x62F;&#x631;&#x627;&#x633;&#x629; &#x641;&#x64A; &#x627;&#x644;&#x642;&#x627;&#x646;&#x648;&#x646; &#x627;&#x644;&#x645;&#x642;&#x627;&#x631;&#x646; /</subfield>
    <subfield code="c">&#x643;&#x644;&#x648;&#x62F; &#x643;&#x648;&#x644;&#x648;&#x645;&#x628;&#x64A;&#x647;.</subfield>
  </datafield>
  <datafield tag="264" ind1=" " ind2="1">
    <subfield code="a">&#x62A;&#x648;&#x646;&#x633; :</subfield>
    <subfield code="b">&#x627;&#x644;&#x645;&#x646;&#x638;&#x645;&#x629; &#x627;&#x644;&#x639;&#x631;&#x628;&#x64A;&#x629; &#x644;&#x644;&#x62A;&#x631;&#x628;&#x64A;&#x629; &#x648;&#x627;&#x644;&#x62B;&#x642;&#x627;&#x641;&#x629; &#x648;&#x627;&#x644;&#x639;&#x644;&#x648;&#x645;&#x60C;</subfield>
    <subfield code="c">1995</subfield>
  </datafield>
  <datafield tag="300" ind1=" " ind2=" ">
    <subfield code="a">186 &#x635;&#x641;&#x62D;&#x629; &#x61B;</subfield>
    <subfield code="c">24 &#x633;&#x645;</subfield>
  </datafield>
  <datafield tag="336" ind1=" " ind2=" ">
    <subfield code="a">&#x646;&#x635;</subfield>
    <subfield code="b">txt</subfield>
    <subfield code="2">rdacontent</subfield>
    <subfield code="3">&#x643;&#x62A;&#x627;&#x628;</subfield>
  </datafield>
  <datafield tag="337" ind1=" " ind2=" ">
    <subfield code="a">&#x628;&#x62F;&#x648;&#x646; &#x648;&#x633;&#x64A;&#x637;</subfield>
    <subfield code="b">n</subfield>
    <subfield code="2">rdamedia</subfield>
  </datafield>
  <datafield tag="338" ind1=" " ind2=" ">
    <subfield code="a">&#x645;&#x62C;&#x644;&#x62F;</subfield>
    <subfield code="b">nc</subfield>
    <subfield code="2">rdacarrier</subfield>
  </datafield>
  <datafield tag="650" ind1=" " ind2="7">
    <subfield code="a">&#x62D;&#x642;&#x648;&#x642; &#x627;&#x644;&#x62A;&#x623;&#x644;&#x64A;&#x641; &#x648;&#x627;&#x644;&#x646;&#x634;&#x631; (&#x642;&#x627;&#x646;&#x648;&#x646; &#x62F;&#x648;&#x644;&#x64A;)</subfield>
    <subfield code="2">aucsh</subfield>
  </datafield>
  <datafield tag="650" ind1=" " ind2="7">
    <subfield code="a">&#x627;&#x644;&#x62A;&#x623;&#x644;&#x64A;&#x641;</subfield>
    <subfield code="2">aucsh</subfield>
  </datafield>
  <datafield tag="650" ind1=" " ind2="7">
    <subfield code="a">&#x627;&#x644;&#x642;&#x627;&#x646;&#x648;&#x646; &#x627;&#x644;&#x645;&#x642;&#x627;&#x631;&#x646;</subfield>
    <subfield code="2">aucsh</subfield>
  </datafield>
  <datafield tag="700" ind1="1" ind2="2">
    <subfield code="i">&#x62A;&#x631;&#x62C;&#x645;&#x629; &#x644;&#x640; :</subfield>
    <subfield code="a">&#x643;&#x648;&#x644;&#x648;&#x645;&#x628;&#x64A;&#x647;&#x60C; &#x643;&#x644;&#x648;&#x62F;.</subfield>
    <subfield code="t">Grands principes du droit d'auteur et des droits voisins dans le monde : approche de droit compar&#xE9;.</subfield>
  </datafield>
  <datafield tag="942" ind1=" " ind2=" ">
    <subfield code="2">ddc</subfield>
    <subfield code="c">BOOK</subfield>
    <subfield code="n">0</subfield>
  </datafield>
  <datafield tag="949" ind1=" " ind2=" ">
    <subfield code="a">SA-JeALM</subfield>
    <subfield code="d">241123</subfield>
    <subfield code="u">mohamedma123</subfield>
    <subfield code="n">1</subfield>
  </datafield>
  <datafield tag="952" ind1=" " ind2=" ">
    <subfield code="0">0</subfield>
    <subfield code="1">0</subfield>
    <subfield code="2">ddc</subfield>
    <subfield code="4">0</subfield>
    <subfield code="7">0</subfield>
    <subfield code="a">WAHAB</subfield>
    <subfield code="b">WAHAB</subfield>
    <subfield code="d">2024-11-24</subfield>
    <subfield code="l">0</subfield>
    <subfield code="o">341.7582  &#x643; &#x648; &#x644;</subfield>
    <subfield code="p">000004222</subfield>
    <subfield code="r">2024-11-24 14:25:47</subfield>
    <subfield code="w">2024-11-24</subfield>
    <subfield code="y">BOOK</subfield>
  </datafield>
  <datafield tag="999" ind1=" " ind2=" ">
    <subfield code="c">2724</subfield>
    <subfield code="d">2724</subfield>
  </datafield>
</record>
